| 000 | 00727nam a2200253Ia 4500 | ||
|---|---|---|---|
| 003 | OSt | ||
| 005 | 20220928124956.0 | ||
| 006 | a|||||r|||| 00| 0 | ||
| 007 | ta | ||
| 008 | 220927b |||||||| |||| 00| 0 eng d | ||
| 024 | _a93071 | ||
| 037 | _cTextual | ||
| 040 |
_aSDCL _cSDCL _beng |
||
| 041 |
_2eng _aeng |
||
| 082 | _aX652:8, L5 | ||
| 100 |
_aLatane Henry A _9467378 |
||
| 245 | 0 | _aSecurity analysis and portfolio management. | |
| 260 |
_aNew York _b Ronald Press _c1975 |
||
| 300 |
_axvi,794p _ccm. |
||
| 700 |
_a Jones Charles P _9442735 |
||
| 700 |
_a Tuttle Donald L _9442737 |
||
| 942 |
_hX652:8, L5 _cTEXL _2CC |
||
| 999 |
_c780230 _d780230 |
||